000 01238nam a22002657a 4500
003 Uzh_bibl
008 260423b |||||||| |||| 00| 0 ukr d
020 _a966-661-351-4
_c28.00
040 _bукр.
041 _2rus
_aukr
080 _a821.161.1
090 _a821.161.1
_bВ12
100 _a-
245 _aВавилонська вежа та інші біблійні легенди
_cПер.з рос. А.Г.Костецького, упоряд. О.Ц.Чуковської
_hТекст
260 _aКиїв
_b"Школа"
_c2006
300 _a171 с.
_bіл.
_fВ опр.
490 _aСерія "Хрестоматія школяра"
520 _aДо книжки увішли перекази для дітей відомих біблійних сюжетів. Видання ілюстроване роботами художника О.О.Агіна 1817-1875 р.
521 _aДля молодшого шкільного віку
546 _aукр.
650 _aЛітературно-художня видання
653 _aАдам та Єва
_aВсесвітній потоп
_aМогутній самсон
655 _aХудожня література
_vПерекази
942 _2udc
_cBK
999 _c17499
_d17499